000 00238nam a2200097Ia 4500
008 190216s9999||||xx |||||||||||||| ||und||
100 _aRay Krishna Das
245 0 _aHindi-Ikkis Kahaniyam
260 _bMac Millian And Com. Ltd
942 _cBK
999 _c17569
_d17569